| 000 | 00475nam a2200157 i 4500 | ||
|---|---|---|---|
| 001 | bg | ||
| 100 | 1 | _aOLEJNIK, Mirosław | |
| 245 | 0 |
_aLiniowa analiza płyt usztywnionych metodą elementów skończonych / _cMirosław Olejnik, Włodzimierz Sosnowski, Andrzej Zacharski. |
|
| 260 |
_aWarszawa, _c1985. |
||
| 700 | 1 | _aSOSNOWSKI, Włodzimierz | |
| 700 | 1 | _aZACHARSKI, Aandrzej | |
| 040 | _cBPK | ||
| 041 | _apol | ||
| 942 | _cKS | ||
| 008 | s pl f |000 0 pol | ||
| 999 |
_c28317 _d28317 |
||
| 856 |
_uhttp://koha.tu.koszalin.pl/cgi-bin/koha/opac-detail.pl?biblionumber=28317 _yKatalog online BPK |
||